| 000 | 00769nam a2200241 i 4500 | ||
|---|---|---|---|
| 001 | 56942 | ||
| 003 | ES-MaACL | ||
| 005 | 20260525062927.0 | ||
| 007 | t| | ||
| 008 | 031014s1963 sp |||| | spa d | ||
| 080 | _a949.502 | ||
| 100 | 1 |
_aDiehl, Charles ( _d1859-1914) _944588 |
|
| 245 | 1 | 0 |
_aGrandeza y servidumbre de Bizancio / _cCarlos Diehl ; [traducción de Augusto E. Lorenzana]. |
| 260 |
_aMadrid : _bEspasa-Calpe, _c[1963] |
||
| 300 |
_a253 p. ; _c18 cm. |
||
| 490 | 1 |
_aColección austral ; _v1324 |
|
| 651 | 4 |
_aImperio bizantino- _xHistoria. _98834 |
|
| 651 | 4 |
_aImperio bizantino- _xCivilización. _9152116 |
|
| 700 | 1 |
_aLorenzana, Augusto E. _974131 |
|
| 830 | 0 |
_aColección austral _v1324 _9177655 |
|
| 852 |
_aES-MaACL _jC-25517 |
||
| 999 |
_c56942 _d56942 |
||